000 00411nam a2200181Ia 4500
008 221030s9999 xx 000 0 und d
020 _a0070585113
041 _aEnglish
082 _a105.23
_bSpi
100 _aR. L. Spiro
245 0 _aManagement Of A Sales Force
250 _a11th
260 _bTMH
_aNew Delhi
_c2004
300 _a564
650 _aManagement
700 _aW. J. Stanton
942 _cBK
999 _c2172
_d2172